Outlook for 2009 (Record no. 109019)

MARC details
000 -LEADER
fixed length control field 00965cad a22002415a 4500
001 - CONTROL NUMBER
control field E146034
008 - FIXED-LENGTH DATA ELEMENTS--GENERAL INFORMATION
fixed length control field 081204s2008 xxk f 000 0 eng d
020 ## - INTERNATIONAL STANDARD BOOK NUMBER
International Standard Book Number 1854828703
035 ## - SYSTEM CONTROL NUMBER
System control number (Sirsi) u146034
041 0# - LANGUAGE CODE
Language code of text/sound track or separate title eng
050 04 - LIBRARY OF CONGRESS CALL NUMBER
Classification number 630.09411 $2 18
110 2# - MAIN ENTRY--CORPORATE NAME
Corporate name or jurisdiction name as entry element Scottish Agricultural College
Subordinate unit Rural Policy Centre
9 (RLIN) 5663
245 00 - TITLE STATEMENT
Title Outlook for 2009
Medium [electronic resource]
260 ## - PUBLICATION, DISTRIBUTION, ETC.
Place of publication, distribution, etc. Edinburgh
Name of publisher, distributor, etc. SAC
Date of publication, distribution, etc. 2008
505 2# - FORMATTED CONTENTS NOTE
Formatted contents note Foreword -- Environment -- Rural development -- Livestock -- Cereals and oilseeds
520 ## - SUMMARY, ETC.
Summary, etc. Discusses what 2009 might bring for the farming sector in Scotland, and looks at potential developments in environmental and rural development issues.
521 ## - TARGET AUDIENCE NOTE
Target audience note Advanced
590 ## - LOCAL NOTE (RLIN)
Local note KA
651 #4 - SUBJECT ADDED ENTRY--GEOGRAPHIC NAME
Geographic name Scotland
Chronological subdivision 1999-
690 ## - LOCAL SUBJECT ADDED ENTRY--TOPICAL TERM (OCLC, RLIN)
Topical term or geographic name as entry element ENVIRONMENTAL AND LAND CONSULTANCY-AGRIBUSINESS-AGRICULTURE
856 40 - ELECTRONIC LOCATION AND ACCESS
Uniform Resource Identifier <a href="https://www.sac.ac.uk/ruralpolicycentre/publs/outlook/">https://www.sac.ac.uk/ruralpolicycentre/publs/outlook/</a>
Public note View the report free of charge at www.sac.ac.uk...
942 ## - ADDED ENTRY ELEMENTS (KOHA)
Suppress in OPAC 0
Holdings
Withdrawn status Lost status Source of classification or shelving scheme Damaged status Not for loan Home library Current library Shelving location Date acquired Total Checkouts Full call number Barcode Date last seen Copy number Price effective from Koha item type
    Dewey Decimal Classification     Virtual Virtual Online 04/12/2008   ONLINE PUBLICATION 146034-2001 06/08/2019 1 06/08/2019 Book